|
|
|
|
| LEADER |
00000nam a2200000 a 4500 |
| 001 |
UCK9729 |
| 003 |
CL-VaPUC |
| 008 |
060519e20020000CL |||||||||||||||||spa|d |
| 020 |
|
|
|a 9561215020
|
| 082 |
0 |
4 |
|a 407.12
|b ZAL
|2 21
|
| 100 |
0 |
|
|a Zaldívar Ovalle, María Inés
|e author
|9 499612
|
| 245 |
1 |
0 |
|a Lengua castellana y comunicación 3§ medio: texto para el estudiante
|
| 300 |
|
|
|a 271 p
|
| 942 |
|
|
|c BK
|
| 945 |
|
|
|d 20060519 00:00:00
|a jtorresc
|
| 260 |
|
|
|a Santiago
|b Zig Zag
|c 2002
|
| 650 |
|
0 |
|a Educación lingüística
|9 306506
|
| 650 |
|
0 |
|a Libros de texto
|9 270019
|
| 650 |
|
0 |
|a Métodos de enseñanza
|9 270413
|
| 583 |
|
|
|a last modification
|c 20160617 12:04:08
|k Rodrigo Vera
|
| 999 |
|
|
|c 316796
|d 316794
|
| 952 |
|
|
|0 0
|1 0
|4 0
|6 407_120000000000000_ZAL_2002
|7 0
|8 A
|9 392177
|a BIBEDU
|b BIBEDU
|d 2019-11-22
|i 4232488
|o 407.12 ZAL 2002
|p 4232488
|r 2019-11-22
|w 2019-11-22
|y BK
|k LIT
|
| 952 |
|
|
|0 0
|1 0
|4 0
|6 407_120000000000000_ZAL_2002
|7 0
|8 A
|9 392178
|a BIBEDU
|b BIBEDU
|c BIBEDU_PB
|d 2019-11-22
|i 423250K
|o 407.12 ZAL 2002
|p 423250K
|r 2024-01-25
|w 2019-11-22
|y BK
|k LIT
|
| 952 |
|
|
|0 0
|1 0
|4 0
|6 407_120000000000000_ZAL_2002
|7 0
|8 A
|9 392179
|a BIBEDU
|b BIBEDU
|d 2019-11-22
|i 4254120
|o 407.12 ZAL 2002
|p 4254120
|r 2019-11-22
|w 2019-11-22
|y BK
|k LIT
|
| 952 |
|
|
|0 0
|1 0
|4 0
|6 407_120000000000000_ZAL_2002
|7 0
|8 A
|9 392180
|a BIBEDU
|b BIBEDU
|c BIBEDU_PB
|d 2019-11-22
|i 4254147
|o 407.12 ZAL 2002
|p 4254147
|r 2024-01-25
|w 2019-11-22
|y BK
|k LIT
|
| 952 |
|
|
|0 0
|1 0
|4 0
|6 407_120000000000000_ZAL_2002
|7 0
|8 A
|9 392181
|a BIBEDU
|b BIBEDU
|d 2019-11-22
|i 4254171
|o 407.12 ZAL 2002
|p 4254171
|r 2019-11-22
|w 2019-11-22
|y BK
|k LIT
|